000 00326nam a2200109Ia 4500
100 _aKancha Ilaiah
245 4 _aThe Weapon of the other: Dalit Bahujan writings & the Remaking of Indian Nationalist thought
264 _bPearson
_c2010
300 _a230
942 _cIR
999 _c120706
_d120706